Challenges in green analytical chemistry (Record no. 1214479)
[ view plain ]
| 000 -LEADER | |
|---|---|
| fixed length control field | 01345nam a2200373Ia 4500 |
| 003 - CONTROL NUMBER IDENTIFIER | |
| control field | OSt |
| 005 - DATE AND TIME OF LATEST TRANSACTION | |
| control field | 20221007125006.0 |
| 008 - FIXED-LENGTH DATA ELEMENTS--GENERAL INFORMATION | |
| fixed length control field | 221006b |||||||| |||| 00| 0 eng d |
| 020 ## - INTERNATIONAL STANDARD BOOK NUMBER | |
| International Standard Book Number | 9781788015370 (pbk) |
| 037 ## - SOURCE OF ACQUISITION | |
| Terms of availability | Textual |
| 040 ## - CATALOGING SOURCE | |
| Original cataloging agency | CDL |
| Transcribing agency | CDL |
| Language of cataloging | eng |
| 041 ## - LANGUAGE CODE | |
| Source of code | eng |
| Language code of text/sound track or separate title | eng |
| 100 ## - MAIN ENTRY--PERSONAL NAME | |
| Personal name | Garrigues Salvador Ed. |
| 9 (RLIN) | 719276 |
| 110 ## - MAIN ENTRY--CORPORATE NAME | |
| Corporate name or jurisdiction name as entry element | Royal Society of Chemistry |
| 9 (RLIN) | 714326 |
| 245 #0 - TITLE STATEMENT | |
| Title | Challenges in green analytical chemistry |
| Remainder of title | Guardia Miguel da la Ed. |
| 250 ## - EDITION STATEMENT | |
| Edition statement | 2 |
| 260 ## - PUBLICATION, DISTRIBUTION, ETC. | |
| Place of publication, distribution, etc. | Croydon |
| Name of publisher, distributor, etc. | Royal Society of Chemistry United Kingdom |
| Date of publication, distribution, etc. | 2020 |
| 300 ## - PHYSICAL DESCRIPTION | |
| Extent | xx,378p. Col.ill. |
| Dimensions | cm. |
| 490 ## - SERIES STATEMENT | |
| Series statement | Green Chemistry Series no. 66 ISSN 1757-7039 |
| 500 ## - GENERAL NOTE | |
| General note | Subject Index 370-378p. |
| 650 ## - SUBJECT ADDED ENTRY--TOPICAL TERM | |
| Topical term or geographic name entry element | Green chemistry |
| 9 (RLIN) | 713184 |
| 650 ## - SUBJECT ADDED ENTRY--TOPICAL TERM | |
| Topical term or geographic name entry element | Green Chromatography |
| 9 (RLIN) | 719275 |
| 650 ## - SUBJECT ADDED ENTRY--TOPICAL TERM | |
| Topical term or geographic name entry element | Green spectrometry |
| 9 (RLIN) | 721269 |
| 650 ## - SUBJECT ADDED ENTRY--TOPICAL TERM | |
| Topical term or geographic name entry element | Green spectroscopy |
| 9 (RLIN) | 721270 |
| 650 ## - SUBJECT ADDED ENTRY--TOPICAL TERM | |
| Topical term or geographic name entry element | Chemistry |
| 700 ## - ADDED ENTRY--PERSONAL NAME | |
| Personal name | Guardia Miguel da la Ed. |
| 9 (RLIN) | 721271 |
| 700 ## - ADDED ENTRY--PERSONAL NAME | |
| Personal name | Royal Society of Chemistry |
| 9 (RLIN) | 714330 |
| 942 ## - ADDED ENTRY ELEMENTS (KOHA) | |
| Classification part | E:30aG:55, R0 Carc |
| Koha item type | Textual |
| Source of classification or shelving scheme | Colon Classification (CC) |
| Withdrawn status | Lost status | Source of classification or shelving scheme | Damaged status | Not for loan | Home library | Current library | Date acquired | Source of acquisition | Total Checkouts | Full call number | Barcode | Date last seen | Price effective from | Koha item type |
|---|---|---|---|---|---|---|---|---|---|---|---|---|---|---|
| Colon Classification (CC) | Department of Chemistry Library | Department of Chemistry Library | 2022-10-07 | 15848, 19/01/2022, Intercontinental Book Agency | E:30aG:55 R0 Carc | CD0009438 | 2022-10-07 | 2022-10-07 | Textual |
